000 00670nam a2200229 a 4500
001 BRCA_8151
005 20190320210144.0
008 300414s1954----gw-a###f##---#001-0#spa-#
041 _aspa
044 _agw
050 4 _aDD341
_b.A44
100 1 _aBoas, William S.
_920311
245 1 0 _aAlemania
_b1945-1954
_cWilliam S. Boas.
260 _aAlemania
_bBoas
_c[1954]
300 _a773 p.
_bil., fot., tablas, mapas
_c30 cm.
500 _aX34
651 4 _aRepública Federal Alemana
_vHistoria
_920312
651 4 _aRepública Federal Alemana
_vEconomía
_920313
651 4 _aRepública Federal Alemana
_vIndustria y comercio
_920314
902 _aGFM
942 _2lcc
_cB
999 _c7819
_d7819